000 00585nam a2200229Ia 4500
003 OSt
005 20220924153329.0
006 a|||||r|||| 00| 0
007 ta
008 220923b |||||||| |||| 00| 0 guj d
024 _a347907
037 _cTextual
040 _aARTS
_cARTS
_bguj
041 _2guj
_aguj
082 _aO156,2N32,1, L0
100 _aBakshi Chandrkant
_9191997
245 0 _aJyuthika jyuthika
260 _c1970
650 _aGUJRATI LITERATURE
942 _hO156,2N32,1, L0
_cTEXL
_2CC
999 _c473175
_d473175